01423nab a22002177a 4500999001500000003000400015005001700019008004100036040000700077100002900084245030500113300001500418500003800433505044200471505007200913650002800985650003501013650003601048773010801084942001301192 c6263d6263OSt20260128014313.0190514b xxu||||| |||| 00| 0 spa d cPJ 94388aPalacios, Agustina10aUna lectura de la ley 27.610 y su interacción con el Código Civil y Comercial de la Nación a 10 años de su vigencia :bavances y desafíos en materia de capacidad jurídica, a la luz de la Convención Internacional sobre los Derechos de las Personas con Discapacidad /cAgustina Palacios.  ap. 142-157 aCita: TR LALEY AR/DOC/2510/2025.  aSumario: I. A modo de introducción.— II. Un repaso al contexto nacional.— III. Recomendaciones del Comité Internacional sobre los Derechos de las Personas con Discapacidad.— IV. La Nota Técnica Nro. 11 de la Dirección de Salud Sexual y Reproductiva (Ministerio de Salud).— V. Una ¿relectura? de la IVE a la luz de los estándares del derecho internacional de los derechos humanos.— VI. A modo de breves conclusiones.  tSi te interesa el texto, comunicate a koha@justierradelfuego.gov.ar 09967aDERECHO DE FAMILIA 091497aCODIGO CIVIL Y COMERCIAL 093271aPERSONAS CON DISCAPACIDAD0 0284493222dBuenos Aires : AbeledoPerrot, 1989-tDerecho de familia. N° 122 - Noviembre 2025z18511201 2udccANA